Geography Quizhanger #4 - Statistics

General Stats
  • This quiz has been taken 1,138 times
  • The average score is 7 of 9
Answer Stats
Clue Answer % Correct
Capital of Jordan (A)mman
91%
US state whose capital is Little Rock (A)rkansas
85%
Wall that traditionally defined the border between England and Scotland but now lies solely in England (H)adrian's
82%
Country whose capital is Bishkek (K)yrgyzstan
82%
Old name for Yangon (R)angoon
73%
Only country with a machete on its flag (A)ngola
70%
British city on the river Aire (L)eeds
65%
City once known as Smyrna (I)zmir
64%
DESERT Kalahari
60%
No matching quizzes found
Score Distribution
Percent of People with Each Score
Percentile by Number Answered
Your Score History
You have not taken this quiz